000 00377nam a2200145Ia 4500
008 220217s9999||||xx |||||||||||||| ||und||
020 _a81-7558-165-1
082 _a004.65 TAN
100 _aTanenbaum, andrew S
245 0 _aComputer networks
250 _a4th
260 _aPearson education of asia
_bNew Delhi
_c2007
300 _b315
650 _aCOMPUTER NETWORK
999 _c176920
_d176920